• 首页
  • 本馆介绍
  • 公告通知
  • 最新文献
  • 馆藏检索
  • 电子资源
  • 读者导购
  • 参考咨询
  • 我的图书馆
  • 登录
  • 详细信息显示
  • 放入我的书架
  • 预约/预借图书
  • 作者相关作品
  • 分类相关作品
  • 丛书相关作品
  • 出版社相关作品

书目信息

  • 表格格式
  • 工作单格式
  • 卡片格式
题名:
地球化学
    
 
作者: ;南京大学地质学系 编
分册:  
出版信息: 北京   科学出版社  1979
页数: 514页
开本: 26cm
丛书名:
单 册:
中图分类: P59
科图分类:
主题词: 地球化学
电子资源:
ISBN:
000 00621nam0 2200241 45
001 0179002997
005 20040908151748.4
010    @b精装@dCNY4.10
091    @a13031.1000
100    @a19950726d1979 em y0chiy0121 ea
101 0  @achi
102    @aCN@b110000
105    @ay z 000yy
106    @ar
200 10 @a地球化学@Adi qiu hua xue@f南京大学地质学系编
205    @a修订本
210    @a北京@c科学出版社@d1979
215    @a514页@d26cm
606    @a地球化学
690    @aP59@v3
711 02 @a南京大学地质学系@Anan jing da xue di zhi xue xi@4编
801  0 @aCN@bNLC@c20040908
905    @f1@b244703@dP59@e50=2
    
    地球化学/南京大学地质学系编.-修订本.-北京:科学出版社,1979
    514页;26cm
    
    
    ISBN (精装):CNY4.10
    
●
相关链接 在E读中查询图书 在五车中查询图书 在当当中查询图书 在豆瓣中查询图书


正题名:地球化学     索取号:P59/50=2         预约/预借

序号 登录号 条形码 馆藏地/架位号 状态 备注
1 0244703   001950525   第三借阅区/ [索取号:P59/50=2] 在馆    
2 0244704   202108218   第二样本阅览室/ [索取号:P59/50=2] 在馆    
唐山师范学院图书馆 欢迎您!
大连网信软件有限公司© 版权所有